Top 10 RYB do jedzenia w Wigilię - Statystyki

Ogólne statystyki
  • Ten quiz został rozwiązany 22 razy
  • Średni wynik to 5 z 10
Statystyki odpowiedzi
Hint Odpowiedź % Poprawnych
3 Karp
95%
2 Śledź
68%
6 Łosoś
64%
5 Szczupak
55%
7 Pstrąg
50%
10 Lin
36%
8 Makrela
32%
4 Węgorz
32%
1 Filet
14%
9 Rekin
5%
Nie znaleziono quizów pasujących do podanych kryteriów
Rozkład punktacji
Procent ludzi z każdym wynikiem
Percentyl według liczby udzielonych odpowiedzi
Twoja historia wyników
Nie rozwiązałeś tego quizu